Statistics for Slang Definitions #4

Click here to take the quiz!

General Stats

  • This quiz has been taken 9,768 times
  • The average score is 13 of 22

Answer Stats

SlangHintMeaning% Correct
PoochAnimalDog
95%
Bust a MoveVerbDance
92%
KicksAttireShoes
92%
BonkersAdjectiveCrazy
91%
GrubNounFood
89%
PieholeBody PartMouth
89%
Hump DayTimeWednesday
73%
Black GoldNounOil
70%
SnogVerbKiss
68%
KeisterBody PartButt
67%
On the SauceAdjectiveDrunk
66%
Big HousePlacePrison
64%
CanuckPersonCanadian
61%
StarkersAdjectiveNaked
53%
Lily-LiveredAdjectiveCowardly
45%
ChuffedAdjectiveHappy
45%
Brain BucketObjectHelmet
29%
Jimmy Hat"Attire"Condom
28%
ArvoAustralianAfternoon
23%
HooptieNounCar
23%
HorsefeathersNounNonsense
22%
ScrillaNounMoney
20%

Score Distribution

Percentile by Number Answered

Percent of People with Each Score

Your Score History

You have not taken this quiz